000 00536nam a2200181 a 4500
005 20140412111307.0
008 010427s19uu xx 00 eng d
020 _a0-590-43132-3
050 _aTR(PS E
_bFr92 1974
100 _aTarcov, Edith H.
245 _aFrog Prince (The) /
_cretold by Edith H. Tarcov ; illustrated by James Marshall.
260 _aNew York :
_bScholastic Inc,
_c1974.
300 _a32p. ; ill.
440 _aAn Easy-To-Read Folktale
650 _aPrince-Stories
650 _aFrogs-Stories
999 _c103758
_d103758